Yathni's travel to Kailash / (Record no. 78717)
[ view plain ]
| 000 -LEADER | |
|---|---|
| fixed length control field | 00585nam a22001817a 4500 |
| 005 - DATE AND TIME OF LATEST TRANSACTION | |
| control field | 20140620120701.0 |
| 010 ## - LCCN (DPL NO) | |
| LC control number | ENG-108341 |
| 020 ## - INTERNATIONAL STANDARD BOOK NUMBER | |
| International Standard Book Number | 9788191045710 |
| Terms of availability | 395.00 |
| 035 ## - SYSTEM CONTROL NUMBER | |
| System control number | EN-91874 |
| 037 ## - SOURCE OF ACQUISITION | |
| Source of stock number/acquisition | DBAD/PUB |
| 082 ## - DEWEY DECIMAL CLASSIFICATION NUMBER | |
| Classification number | 230.31 |
| 100 ## - MAIN ENTRY--PERSONAL NAME | |
| Personal name | Venkataraman,M. |
| 245 ## - TITLE STATEMENT | |
| Title | Yathni's travel to Kailash / |
| Statement of responsibility, etc | by M. Venkataraman |
| 260 ## - PUBLICATION, DISTRIBUTION, ETC. (IMPRINT) | |
| Place of publication, distribution, etc | Bangalore |
| Name of publisher, distributor, etc | Author |
| Date of publication, distribution, etc | 2012 |
| 270 ## - ADDRESS | |
| Address | G-10, Ground Floor, Innovative Timberleaf, Somasundarapalaya, H.S.R. Layout, Sector II |
| City | Bangalore |
| Postal code | 560102 |
| 300 ## - PHYSICAL DESCRIPTION | |
| Extent | viii,140p. : |
| Other physical details | ill. |
| Dimensions | 22cm(pbk) |
| 942 ## - ADDED ENTRY ELEMENTS (KOHA) | |
| Source of classification or shelving scheme | Dewey Decimal Classification |
| Item type | English Books |
| Classification part | 230.31 |
| Call number suffix | VEN |
| Withdrawn status | Lost status | Not for loan | Collection code | Home library | Current library | Date acquired | Source of acquisition | Cost, normal purchase price | Full call number | Barcode | Copy number | Cost, replacement price | Koha item type |
|---|---|---|---|---|---|---|---|---|---|---|---|---|---|
| Fiction | D.B.Act.Division | D.B.Act.Division | 22/08/2013 | DBAD/PUB | 395.00 | 230.31 VEN | EN-91874 | 1 | 395.00 | English Books |
